00739cam a2200229 a 4500999001500000001000600015003000900021005001700030008004100047040002800088082001900116100002700135245005800162250001800220260004200238300002500280500002000305650001700325650003800342942001200380952011700392 c7648d764810624BD-DhUAP20210127153122.0200203s2006 ii b 001 0 eng  aDLCcDLCdBD-DhUAPbEng 223a340.59 JHA aJhabvala, Noshirvan H.14aPrinciples of Muhammadan law /cNoshirvan H. Jhabvala a19th rev. ed. aMumbai :bC. Jamnadas & Co.,c[...?]. a188 pages ;c25 cm. aIncludes index. 0aIslamic law. 0aDomestic relations (Islamic law). 2ddccBK 00102ddc4070aUAPCLbUAPCLcReserve Stacksd2021-01-27o340.59 JHAp3010008928r2021-01-27t1w2021-01-27yBK